[Event "France - Open A"]
[Site "Chartres"]
[Date "2019.08.22"]
[Round "6.10"]
[White "Frantz, Nicolas"]
[Black "Haie, Arnaud"]
[Result "0-1"]
[WhiteElo "2045"]
[BlackElo "2130"]
[PlyCount "144"]
[EventDate "2019.08.??"]
[EventType "swiss"]
[EventRounds "9"]
[EventCountry "FRA"]
[WhiteTeam "Vandoeuvre-Echecs"]
[BlackTeam "Cavalier de l'Espérance Cercle J.J. Paur"]

1. e4 c5 2. Nf3 e6 3. d4 cxd4 4. Nxd4 Nc6 5. Nc3 Qc7 6. Be3 a6 7. Be2 Nf6 8.
O-O Bb4 9. Na4 Be7 10. Nxc6 bxc6 11. Nb6 Rb8 12. Nxc8 Qxc8 13. e5 Nd5 14. Bc1
c5 15. c4 Nb6 16. b3 Qc7 17. Bb2 Na4 18. Qd2 Nxb2 19. Qxb2 d6 20. f4 O-O 21.
exd6 Bxd6 22. g3 Be7 23. Rad1 Bf6 24. Qc2 a5 25. Rb1 Bd4+ 26. Kg2 Rb6 27. Bd3
g6 28. Be4 Rfb8 29. Rfe1 a4 30. Red1 axb3 31. Rxb3 Rxb3 32. axb3 Qa5 33. Bc6
Rb6 34. Bb5 Qa8+ 35. Kh3 h5 36. Qg2 Qc8 37. Qf3 e5+ 38. Kg2 exf4 39. Re1 Qf5
40. Re2 Rf6 41. Re4 Be5 42. Bd7 Qxd7 43. Rxe5 Qd2+ 44. Re2 Qd6 45. Rf2 Kg7 46.
gxf4 Rf5 47. Qc3+ Kh7 48. Qe3 Qf6 49. Qg3 Qg7 50. h4 Qf6 51. Kh3 Qc6 52. Qf3
Qf6 53. Kg3 Qb6 54. Re2 Qc7 55. Re4 Rf6 56. Qc3 Rd6 57. Qf3 Qd7 58. Re3 Rd1 59.
f5 Rg1+ 60. Kf2 Rg4 61. fxg6+ fxg6 62. Qe2 Qd4 63. Kf1 Qf6+ 64. Ke1 Qxh4+ 65.
Kd2 Qg5 66. Kc3 Qf6+ 67. Kc2 Kh6 68. Qd2 Qg5 69. Re5 Rg2 70. Rxg5 Rxd2+ 71.
Kxd2 Kxg5 72. Ke3 Kf5 0-1

[Event "France - Open A"]
[Site "Chartres"]
[Date "2019.08.22"]
[Round "6.11"]
[White "Nguyen-Cadoret, Nathan"]
[Black "Denninger, Guilhem"]
[Result "1-0"]
[WhiteElo "2122"]
[BlackElo "2072"]
[PlyCount "53"]
[EventDate "2019.08.??"]
[EventType "swiss"]
[EventRounds "9"]
[EventCountry "FRA"]
[WhiteTeam "Cercle d'Echecs de Villepinte"]
[BlackTeam "Echecs Club Montpellier"]

1. d4 d5 2. c4 e6 3. Nf3 Nf6 4. g3 c6 5. Bg2 Nbd7 6. O-O dxc4 7. a4 a5 8. Na3
Bxa3 9. Rxa3 b5 10. axb5 cxb5 11. Nd2 Ra7 12. e4 e5 13. Nf3 b4 14. Ra1 O-O 15.
dxe5 Nxe4 16. Qe2 Nec5 17. Be3 Ba6 18. Rfd1 Qc7 19. e6 fxe6 20. Rxd7 Nxd7 21.
Bxa7 Qxa7 22. Qxe6+ Kh8 23. Rxa5 Nb8 24. Rf5 Rd8 25. Ne5 Bc8 26. Qd6 Qa1+ 27.
Bf1 1-0

[Event "France - Open A"]
[Site "Chartres"]
[Date "2019.08.22"]
[Round "6.12"]
[White "Spitz, Patrick"]
[Black "Maleki, Nicolas"]
[Result "1-0"]
[WhiteElo "2008"]
[BlackElo "2118"]
[PlyCount "55"]
[EventDate "2019.08.??"]
[EventType "swiss"]
[EventRounds "9"]
[EventCountry "FRA"]
[WhiteTeam "Cavalier de la Tourelle Saint-Mande"]
[BlackTeam "Echiquier Tourangeau"]

1. e4 c5 2. Nf3 e6 3. d4 cxd4 4. Nxd4 Nf6 5. Bd3 Nc6 6. c3 d5 7. Nxc6 bxc6 8.
e5 Nd7 9. Qe2 Be7 10. O-O Rb8 11. b3 c5 12. Nd2 a5 13. f4 g6 14. Bb5 O-O 15. a4
Bb7 16. Nf3 Qc7 17. c4 d4 18. Bd2 Ra8 19. g4 Rfd8 20. Rae1 Nf8 21. Qd3 Qb6 22.
Re2 Bc8 23. Be1 Ra7 24. Nd2 f5 25. exf6 Bxf6 26. Bg3 Re7 27. Ne4 Nd7 28. Bxd7
1-0

[Event "France - Open A"]
[Site "Chartres"]
[Date "2019.08.22"]
[Round "6.13"]
[White "Girardon, Jerome"]
[Black "Labandibar, Benoit"]
[Result "1-0"]
[WhiteElo "2164"]
[BlackElo "2059"]
[PlyCount "51"]
[EventDate "2019.08.??"]
[EventType "swiss"]
[EventRounds "9"]
[EventCountry "FRA"]
[WhiteTeam "Gueugnon Echecs"]
[BlackTeam "MJC Chécy"]

1. e4 c6 2. d4 d5 3. e5 Bf5 4. Nc3 e6 5. Be3 Nd7 6. g4 Bg6 7. Nge2 f6 8. Nf4
Bf7 9. Qe2 fxe5 10. dxe5 Qc7 11. O-O-O Bb4 12. Bd4 Ne7 13. Nd3 Bxc3 14. Bxc3 c5
15. Bg2 d4 16. Bd2 c4 17. Nf4 g5 18. Nh3 c3 19. Bxg5 Qa5 20. Rxd4 Qb6 21. bxc3
Rc8 22. Qd2 Nc5 23. Rd1 Qa5 24. Bxe7 Kxe7 25. Rd7+ Ke8 26. Qd6 1-0

[Event "France - Open A"]
[Site "Chartres"]
[Date "2019.08.22"]
[Round "6.14"]
[White "Weill, Roland"]
[Black "Batteux, Mickael"]
[Result "1/2-1/2"]
[WhiteElo "2146"]
[BlackElo "2037"]
[PlyCount "62"]
[EventDate "2019.08.??"]
[EventType "swiss"]
[EventRounds "9"]
[EventCountry "FRA"]
[WhiteTeam "Echiquier Centre Vaucluse "]
[BlackTeam "Fillé sur Sarthe"]

1. Nf3 Nf6 2. b3 d5 3. Bb2 g6 4. e3 Bg7 5. Be2 O-O 6. O-O c5 7. c4 dxc4 8. bxc4
Nc6 9. d3 Bf5 10. Qb3 Qb6 11. Nc3 Rfd8 12. Rfd1 Qxb3 13. axb3 Nb4 14. Ne1 Ne8
15. g4 Bd7 16. Rd2 Bc6 17. Nd1 Bxb2 18. Nxb2 Nf6 19. Rdd1 h6 20. h3 e5 21. Nf3
Re8 22. Nd2 Kg7 23. Bf3 b6 24. Bxc6 Nxc6 25. Ne4 Red8 26. Kf1 Rd7 27. Nc3 Rad8
28. Ke2 Ne8 29. Nd5 Nf6 30. Nc3 Ne8 31. Nd5 Nf6 1/2-1/2

[Event "France - Open A"]
[Site "Chartres"]
[Date "2019.08.22"]
[Round "6.15"]
[White "Roux, Baptiste"]
[Black "Deveque, Guillaume"]
[Result "1-0"]
[WhiteElo "2130"]
[BlackElo "2016"]
[PlyCount "29"]
[EventDate "2019.08.??"]
[EventType "swiss"]
[EventRounds "9"]
[EventCountry "FRA"]
[WhiteTeam "Corsica Chess Club"]
[BlackTeam "Lille Université Club Echiquier du Nord"]

1. e4 e6 2. d4 d5 3. Bd3 c5 4. exd5 exd5 5. Nf3 Qe7+ 6. Be3 c4 7. Be2 Qb4+ 8.
Nc3 Nf6 9. Bd2 Qb6 10. O-O Be6 11. b3 cxb3 12. axb3 Be7 13. Nb5 Nc6 14. Bf4 O-O
15. Bc7 1-0

[Event "France - Open A"]
[Site "Chartres"]
[Date "2019.08.22"]
[Round "6.16"]
[White "Caloone, Thomas"]
[Black "Berger Dit Lacroix, Kilian"]
[Result "1-0"]
[WhiteElo "2111"]
[BlackElo "1967"]
[PlyCount "83"]
[EventDate "2019.08.??"]
[EventType "swiss"]
[EventRounds "9"]
[EventCountry "FRA"]
[WhiteTeam "Lille Université Club Echiquier du Nord"]
[BlackTeam "Echecs Club de Corbas"]

1. e4 c5 2. Nf3 g6 3. d4 cxd4 4. Nxd4 Bg7 5. c3 Nc6 6. Be3 Nf6 7. Nd2 d5 8. Bb5
Bd7 9. Bxc6 bxc6 10. e5 Ng8 11. f4 Nh6 12. N2b3 Nf5 13. Nxf5 Bxf5 14. Nc5 h5
15. Qa4 Qb6 16. Bd4 Qb5 17. Qxb5 cxb5 18. a4 bxa4 19. Rxa4 O-O 20. Kf2 Rfc8 21.
Rha1 Rc7 22. b4 e6 23. R4a2 Bf8 24. Nb3 Rc4 25. Nd2 Rxd4 26. cxd4 Bxb4 27. Nb3
Rb8 28. Rxa7 Bf8 29. Nd2 Rb2 30. R1a2 Rb4 31. R7a4 Rb7 32. Ra8 Kg7 33. R8a7 Rb4
34. Nf3 Kg8 35. Rd7 Be4 36. Rd8 Kg7 37. Raa8 Rb2+ 38. Kg3 g5 39. Rxf8 h4+ 40.
Nxh4 gxh4+ 41. Kxh4 Bxg2 42. Kg5 1-0

[Event "France - Open A"]
[Site "Chartres"]
[Date "2019.08.22"]
[Round "6.17"]
[White "Eche, Sylvain"]
[Black "L'Huillier, Thibaud"]
[Result "1/2-1/2"]
[WhiteElo "2058"]
[BlackElo "2093"]
[PlyCount "66"]
[EventDate "2019.08.??"]
[EventType "swiss"]
[EventRounds "9"]
[EventCountry "FRA"]
[WhiteTeam "C'Chartres Echecs"]
[BlackTeam "Club d'Echecs de Saint-Maur"]

1. e4 c6 2. d4 d5 3. exd5 cxd5 4. Bd3 Nc6 5. c3 Nf6 6. Bf4 Bg4 7. Qb3 Qd7 8.
Nd2 e6 9. Ngf3 Bxf3 10. Nxf3 Be7 11. O-O O-O 12. Rae1 a6 13. Ne5 Nxe5 14. dxe5
Nh5 15. Be3 g6 16. g4 Ng7 17. Bh6 Bc5 18. Bg5 b5 19. Bf6 Rfb8 20. h4 Ne8 21. g5
b4 22. c4 dxc4 23. Qxc4 Nxf6 24. gxf6 Rd8 25. Qxc5 Qxd3 26. Qc1 Kh8 27. Qh6 Rg8
28. Rd1 Qf3 29. Rd7 g5 30. Rxf7 Qg4+ 31. Kh2 Qf4+ 32. Kh1 Qf3+ 33. Kh2 Qf4+
1/2-1/2

[Event "France - Open A"]
[Site "Chartres"]
[Date "2019.08.22"]
[Round "6.18"]
[White "Llapasset, Jean-Louis"]
[Black "Boulos, Carlos"]
[Result "1-0"]
[WhiteElo "2050"]
[BlackElo "2078"]
[PlyCount "75"]
[EventDate "2019.08.??"]
[EventType "swiss"]
[EventRounds "9"]
[EventCountry "FRA"]
[WhiteTeam "Echiquier Diabolique de Canohes"]
[BlackTeam "J.E.E.N."]

1. e4 e5 2. Nf3 Nc6 3. Bc4 Bc5 4. c3 Nf6 5. d3 d6 6. O-O O-O 7. Bg5 Be6 8. Nbd2
Qe7 9. Bb5 h6 10. Bh4 g5 11. Bxc6 gxh4 12. Bxb7 Rab8 13. Ba6 Rxb2 14. Nc4 Rbb8
15. d4 exd4 16. cxd4 Bb6 17. e5 Ne4 18. Re1 Ng5 19. Ne3 Rbd8 20. Qe2 dxe5 21.
dxe5 Nxf3+ 22. Qxf3 Qg5 23. Nc4 Rd4 24. Nxb6 axb6 25. Bb7 Rfd8 26. a4 Bf5 27.
a5 Rd3 28. Qe2 h3 29. axb6 cxb6 30. Ra8 Rxa8 31. Bxa8 hxg2 32. Be4 Rd2 33. Qf3
Bxe4 34. Rxe4 Kf8 35. e6 f5 36. e7+ Ke8 37. Re1 Rc2 38. Qa8+ 1-0

[Event "France - Open A"]
[Site "Chartres"]
[Date "2019.08.22"]
[Round "6.19"]
[White "Jaulin, Marc"]
[Black "Rode, Antony"]
[Result "0-1"]
[WhiteElo "2038"]
[BlackElo "2076"]
[PlyCount "84"]
[EventDate "2019.08.??"]
[EventType "swiss"]
[EventRounds "9"]
[EventCountry "FRA"]
[WhiteTeam "Echiquier de Franconville"]
[BlackTeam "Club d'Echecs du Vesinet"]

1. e4 c5 2. Nc3 Nc6 3. Nf3 e5 4. Bc4 Be7 5. O-O Nf6 6. Ng5 O-O 7. f4 d6 8. d3
exf4 9. Bxf4 h6 10. Nf3 Be6 11. Nd5 Nb4 12. Nxf6+ Bxf6 13. Bxe6 fxe6 14. c3 Nc6
15. Qd2 Qd7 16. Rad1 e5 17. Be3 Qf7 18. b3 Rfe8 19. Nh4 Ne7 20. g4 Qe6 21. Nf5
Nxf5 22. gxf5 Qf7 23. Qe2 Kf8 24. Kh1 Ke7 25. Rg1 Rad8 26. d4 exd4 27. cxd4
cxd4 28. Bxd4 Kf8 29. Bxf6 Qxf6 30. Rd5 Rc8 31. Rg6 Qh4 32. Rg4 Qe7 33. f6 Rc1+
34. Kg2 Qxf6 35. Rd3 Kg8 36. Rf3 Qd4 37. Rd3 Qc5 38. Rd2 Rg1+ 39. Kh3 Rxg4 40.
Kxg4 Qg5+ 41. Kh3 d5 42. Qb5 Qe3+ 0-1

[Event "France - Open A"]
[Site "Chartres"]
[Date "2019.08.22"]
[Round "6.21"]
[White "Saya, Ethan"]
[Black "Bleuzen, Erwan"]
[Result "0-1"]
[WhiteElo "2068"]
[BlackElo "2013"]
[PlyCount "138"]
[EventDate "2019.08.??"]
[EventType "swiss"]
[EventRounds "9"]
[EventCountry "FRA"]
[WhiteTeam "Echiquier Grenoblois"]
[BlackTeam "Echiquier Gouesnousien"]

1. e4 e5 2. Nf3 Nf6 3. Nxe5 d6 4. Nf3 Nxe4 5. Nc3 Nxc3 6. dxc3 Be7 7. Bf4 Nd7
8. Qd2 Nc5 9. O-O-O O-O 10. h3 Re8 11. Bc4 Be6 12. Bd5 Bxd5 13. Qxd5 c6 14. Qh5
g6 15. Qh6 Bf8 16. Qh4 Qxh4 17. Nxh4 d5 18. Rhe1 Re4 19. Bg3 Rae8 20. Nf3 a5
21. Bc7 a4 22. Bb6 a3 23. Bxc5 Bxc5 24. Rxe4 Rxe4 25. Nd4 Bxd4 26. cxd4 Re2 27.
Rf1 axb2+ 28. Kxb2 Kf8 29. Kc3 b5 30. Kd3 Re7 31. a4 bxa4 32. Ra1 Ra7 33. Kc3
Ke7 34. Kb4 Kd6 35. Ra3 Re7 36. Rf3 f5 37. Kxa4 Re4 38. c3 c5 39. Rd3 Re2 40.
Rf3 cxd4 41. cxd4 Rd2 42. Rf4 Ke6 43. Kb3 Rd3+ 44. Kc2 Ra3 45. Kb2 Ra4 46. Kc3
g5 47. Rf3 f4 48. Kd3 Ra3+ 49. Ke2 Ra2+ 50. Kd3 h5 51. h4 Kf5 52. hxg5 Kxg5 53.
g3 fxg3 54. Rxg3+ Kf4 55. Rg2 h4 56. Rh2 h3 57. Kc3 Ra3+ 58. Kb4 Rf3 59. Kc5
Ke4 60. Rh1 Rc3+ 61. Kd6 Kxd4 62. f4 Ke4 63. f5 Kxf5 64. Kxd5 Kg4 65. Ke4 Rc2
66. Ke3 h2 67. Rb1 Kg3 68. Rf1 Kg2 69. Rf7 h1=Q 0-1

[Event "France - Open A"]
[Site "Chartres"]
[Date "2019.08.22"]
[Round "6.22"]
[White "Kieffer, Anatole"]
[Black "De Lussac, Rainier"]
[Result "0-1"]
[WhiteElo "1973"]
[BlackElo "2164"]
[PlyCount "96"]
[EventDate "2019.08.??"]
[EventType "swiss"]
[EventRounds "9"]
[EventCountry "FRA"]
[WhiteTeam "Evry Grand Roque"]
[BlackTeam "Cercle d'Echecs de Nantes"]

1. e4 c6 2. d4 d5 3. Nc3 dxe4 4. Nxe4 Nf6 5. Nxf6+ exf6 6. g3 Bd6 7. Bg2 O-O 8.
Ne2 Be6 9. O-O Bd5 10. Bxd5 cxd5 11. Bf4 Nc6 12. a3 Re8 13. c3 Bf8 14. Nc1 Qd7
15. Nd3 Qf5 16. b4 h5 17. Nc5 b6 18. Qd3 Qg4 19. Na6 g5 20. Bd2 Bd6 21. Rae1 h4
22. Kg2 Kg7 23. h3 Qd7 24. g4 Ne7 25. f4 gxf4 26. Bxf4 Bxf4 27. Rxf4 Ng6 28.
Ref1 Nxf4+ 29. Rxf4 Re6 30. Rf2 Rae8 31. Qf3 Qd6 32. g5 Re3 33. Qxf6+ Qxf6 34.
gxf6+ Kg6 35. Nc7 Rd8 36. Rf3 Rxf3 37. Kxf3 Kxf6 38. Kg4 Rd7 39. Na6 Re7 40. b5
Re4+ 41. Kf3 Ke6 42. Nb4 Re1 43. Nc6 Rc1 44. Nxa7 Kf5 45. a4 Rxc3+ 46. Kg2 Ke4
47. Nc6 Rc2+ 48. Kg1 Ra2 0-1

[Event "France - Open A"]
[Site "Chartres"]
[Date "2019.08.22"]
[Round "6.23"]
[White "Veron, Cyprien"]
[Black "Gollain, Marc"]
[Result "0-1"]
[WhiteElo "2012"]
[BlackElo "2115"]
[PlyCount "118"]
[EventDate "2019.08.??"]
[EventType "swiss"]
[EventRounds "9"]
[EventCountry "FRA"]
[WhiteTeam "Saint Hilaire Petitville"]
[BlackTeam "Malakoff et Mat"]

1. Nf3 d5 2. c4 d4 3. b4 f6 4. Bb2 e5 5. e3 dxe3 6. fxe3 Bxb4 7. a3 Be7 8. Qc2
Nh6 9. Bd3 g6 10. Bxg6+ hxg6 11. Qxg6+ Nf7 12. O-O Rh6 13. Qg8+ Bf8 14. Bxe5
Nxe5 15. Nxe5 Qe7 16. Ng6 Qf7 17. Qxf8+ Qxf8 18. Nxf8 Kxf8 19. Nc3 c6 20. Rf4
Be6 21. Raf1 Nd7 22. d3 Ke7 23. Ne4 b6 24. Ng3 Rah8 25. d4 Rxh2 26. e4 R2h4 27.
Rxh4 Rxh4 28. d5 cxd5 29. cxd5 Bg4 30. Rf4 Nc5 31. Nf5+ Bxf5 32. Rxh4 Bxe4 33.
Kf2 Bxd5 34. Rh7+ Bf7 35. Ke3 a5 36. Kd4 Ne6+ 37. Ke3 Nf8 38. Rh1 Nd7 39. Kd4
Kd6 40. Rh7 Be6 41. g3 b5 42. Rh5 Ne5 43. Rh6 Nc6+ 44. Kc3 b4+ 45. Kb2 f5 46.
Rh7 Ne5 47. axb4 axb4 48. Rb7 b3 49. Kc3 Nd7 50. Kd4 Kc6 51. Rb4 Nc5 52. Rb8
Na6 53. Rh8 b2 54. Rh1 Ba2 55. Ke3 b1=Q 56. Rxb1 Bxb1 57. Kf3 Bc2 58. Kf4 Nc5
59. g4 Ne6+ 0-1

[Event "France - Open A"]
[Site "Chartres"]
[Date "2019.08.22"]
[Round "6.24"]
[White "Marchais, Antoine"]
[Black "Emmenecker, Philippe"]
[Result "0-1"]
[WhiteElo "1975"]
[BlackElo "2098"]
[PlyCount "92"]
[EventDate "2019.08.??"]
[EventType "swiss"]
[EventRounds "9"]
[EventCountry "FRA"]
[WhiteTeam "Rennes Paul Bert"]
[BlackTeam "Issy-Les-Moulineaux"]

1. e4 e5 2. Nf3 Nc6 3. Bc4 Nf6 4. d3 h6 5. c3 d6 6. O-O g6 7. d4 Qe7 8. Re1 Bg7
9. d5 Nb8 10. Bd3 O-O 11. Be3 Ng4 12. Nbd2 Nxe3 13. fxe3 Nd7 14. b4 Nf6 15. c4
a5 16. a3 Bd7 17. Nb3 Ba4 18. Nfd2 b6 19. Qc1 h5 20. h3 Bh6 21. bxa5 bxa5 22.
Qc3 Nh7 23. Nxa5 Bd7 24. c5 Qh4 25. Bf1 Qg3 26. Kh1 Nf6 27. c6 Bc8 28. Nac4 Bf4
29. Nf3 Nxe4 30. Qc2 Nf2+ 31. Kg1 Nxh3+ 32. Kh1 Nf2+ 33. Kg1 Nh3+ 34. Kh1 Bf5
35. Qe2 Nf2+ 36. Kg1 Nh3+ 37. Kh1 Bd3 38. Qd2 Nf2+ 39. Kg1 Nh3+ 40. Kh1 Nf2+
41. Kg1 Ne4 42. Qxd3 Qf2+ 43. Kh1 Ng3+ 44. Kh2 Nxf1+ 45. Kh1 Ng3+ 46. Kh2 e4
0-1

[Event "France - Open A"]
[Site "Chartres"]
[Date "2019.08.22"]
[Round "6.25"]
[White "Bergougnoux, Axel"]
[Black "Bellaiche, Elise"]
[Result "1-0"]
[WhiteElo "2064"]
[BlackElo "1996"]
[PlyCount "105"]
[EventDate "2019.08.??"]
[EventType "swiss"]
[EventRounds "9"]
[EventCountry "FRA"]
[WhiteTeam "Cannes Echecs"]
[BlackTeam "Cercle d'Echecs de Villepinte"]

1. e4 e6 2. d4 d5 3. Bd3 dxe4 4. Bxe4 Nf6 5. Bf3 c5 6. Ne2 Nc6 7. Be3 Nd5 8.
Bxd5 Qxd5 9. Nbc3 Qc4 10. b3 Qa6 11. dxc5 Be7 12. Ne4 O-O 13. c3 e5 14. f3 Bf5
15. O-O Bg6 16. Nc1 Rfd8 17. Qe1 f5 18. Nd2 Rd7 19. a4 Qa5 20. b4 Qd8 21. Ra2
Bf6 22. Ndb3 Bf7 23. Rd2 f4 24. Bf2 Bc4 25. Rxd7 Qxd7 26. Qd1 Qf5 27. Re1 Rd8
28. Nd2 Kh8 29. Re4 Bd5 30. b5 Bxe4 31. fxe4 Qxe4 32. bxc6 Qxc6 33. Qc2 Qd7 34.
Ncb3 Qxa4 35. Ne4 Be7 36. h3 h6 37. c4 Qd7 38. Nbd2 Qf5 39. Qb3 Rd7 40. Qa3 a6
41. Nd6 Bxd6 42. cxd6 e4 43. Qc5 Qf7 44. Nxe4 Kh7 45. Qe5 f3 46. g4 Kh8 47. Qf5
Qe8 48. Qxf3 Rf7 49. Qd3 Qa4 50. Qd5 Qa1+ 51. Kg2 Rf8 52. d7 Qa3 53. Nf6 1-0

[Event "France - Open A"]
[Site "Chartres"]
[Date "2019.08.22"]
[Round "6.26"]
[White "Delboe, Charles"]
[Black "Ribiere, Damien"]
[Result "1/2-1/2"]
[WhiteElo "1965"]
[BlackElo "2042"]
[PlyCount "137"]
[EventDate "2019.08.??"]
[EventType "swiss"]
[EventRounds "9"]
[EventCountry "FRA"]
[WhiteTeam "C.E. Neuville-en-Ferrain"]
[BlackTeam "Club d'Echecs de Guyancourt"]

1. d4 Nf6 2. Nc3 g6 3. Bf4 d6 4. Qd2 c6 5. e4 b5 6. Bd3 Nbd7 7. e5 b4 8. exf6
bxc3 9. Qxc3 Nxf6 10. Qxc6+ Bd7 11. Qf3 Bg7 12. Ne2 O-O 13. O-O Qb6 14. c4 Qxb2
15. Rab1 Qa3 16. Be4 Qxf3 17. Bxf3 Rab8 18. c5 Bf5 19. Rb7 Rxb7 20. Bxb7 Rb8
21. c6 Nd5 22. Be3 Bc8 23. Rb1 Nb6 24. d5 Bxb7 25. cxb7 Rxb7 26. a4 Rc7 27. a5
Nc8 28. a6 h5 29. g3 Rc2 30. Rc1 Rxc1+ 31. Nxc1 e6 32. dxe6 fxe6 33. Nb3 Bc3
34. Kf1 e5 35. f4 exf4 36. gxf4 Kf7 37. Ke2 Ke6 38. Kd3 Bf6 39. Kc4 Bd8 40.
Nd4+ Kd7 41. Nb5 Bb6 42. Bxb6 Nxb6+ 43. Kd4 Nc8 44. Kd5 Ne7+ 45. Ke4 Nc8 46.
Kd5 Nb6+ 47. Kd4 Na4 48. Nxa7 Nc5 49. Nb5 Nxa6 50. Kd5 Nb4+ 51. Ke4 Ke6 52.
Nc7+ Kf6 53. Ne8+ Ke7 54. Nc7 Nc6 55. h4 Kd7 56. Nd5 Ke6 57. Nc7+ Kf6 58. Nd5+
Kf7 59. f5 gxf5+ 60. Kxf5 Ne7+ 61. Nxe7 Kxe7 62. Kg5 Ke6 63. Kxh5 Kf5 64. Kh6
d5 65. h5 Kf6 66. Kh7 d4 67. h6 Kf7 68. Kh8 Kf8 69. h7 1/2-1/2

[Event "France - Open A"]
[Site "Chartres"]
[Date "2019.08.22"]
[Round "6.27"]
[White "Gourbiere, Yohan"]
[Black "Humeau, Mickael"]
[Result "1/2-1/2"]
[WhiteElo "2040"]
[BlackElo "1993"]
[PlyCount "82"]
[EventDate "2019.08.??"]
[EventType "swiss"]
[EventRounds "9"]
[EventCountry "FRA"]
[WhiteTeam "Echecs Club Montpellier"]
[BlackTeam "L'Echiquier Angevin"]

1. e4 b6 2. d4 Bb7 3. Nc3 g6 4. h4 h6 5. Be3 Bg7 6. Bc4 d6 7. Qd2 e6 8. f3 Ne7
9. O-O-O a6 10. g4 Nd7 11. Nh3 b5 12. Be2 Nb6 13. Nf2 Qd7 14. a3 O-O-O 15. Rhg1
d5 16. e5 Bf8 17. b3 Kb8 18. Kb2 Rc8 19. Nd3 Nc6 20. Nc5 Qe7 21. a4 b4 22. Na2
a5 23. Nc1 Qe8 24. Nxb7 Kxb7 25. Bb5 Qd8 26. Bxc6+ Kxc6 27. Nd3 Rb8 28. Nc5
Bxc5 29. dxc5 Nd7 30. Qe2 Qc8 31. Qf2 Qa6 32. Bd4 h5 33. Rc1 Rh7 34. Ka2 Rf8
35. g5 Rb8 36. Qe3 Rhh8 37. f4 Rhe8 38. Rgd1 Nf8 39. Rd2 Red8 40. Rd3 Rb7 41.
Qf3 Rdb8 1/2-1/2

[Event "France - Open A"]
[Site "Chartres"]
[Date "2019.08.22"]
[Round "6.28"]
[White "Juran, Baptiste"]
[Black "Adrian, Leopold"]
[Result "0-1"]
[WhiteElo "2038"]
[BlackElo "1990"]
[PlyCount "60"]
[EventDate "2019.08.??"]
[EventType "swiss"]
[EventRounds "9"]
[EventCountry "FRA"]
[WhiteTeam "Cercle d'Echecs de Villepinte"]
[BlackTeam "Vandoeuvre-Echecs"]

1. e4 e6 2. d4 d5 3. Nc3 Bb4 4. a3 Bxc3+ 5. bxc3 dxe4 6. Qg4 Nf6 7. Qxg7 Rg8 8.
Qh6 b6 9. Ne2 Qe7 10. Qe3 Bb7 11. h3 Nbd7 12. c4 O-O-O 13. Bb2 e5 14. c3 Ne8
15. Ng3 Ng7 16. O-O-O f5 17. Qe1 Kb8 18. Kb1 Nf6 19. Ne2 f4 20. Rg1 Nf5 21. g4
Nh4 22. Bg2 f3 23. Bf1 fxe2 24. Bxe2 Nf3 25. Bxf3 exf3 26. Qe3 Rge8 27. Rge1 e4
28. a4 Ba6 29. c5 bxc5 30. Ba3 Qe6 0-1

[Event "France - Open A"]
[Site "Chartres"]
[Date "2019.08.22"]
[Round "6.29"]
[White "Derouineau, Jacques"]
[Black "Calvo, Dylan"]
[Result "1/2-1/2"]
[WhiteElo "2037"]
[BlackElo "1975"]
[PlyCount "55"]
[EventDate "2019.08.??"]
[EventType "swiss"]
[EventRounds "9"]
[EventCountry "FRA"]
[WhiteTeam "C'Chartres Echecs"]
[BlackTeam "Echiquier Tressois"]

1. e4 c5 2. Nc3 Nc6 3. g3 g6 4. Bg2 Bg7 5. d3 Rb8 6. f4 b5 7. Nf3 d6 8. O-O Nf6
9. h3 O-O 10. Nh4 Nd4 11. Ne2 Nh5 12. Kh2 Ba6 13. c3 Nxe2 14. Qxe2 b4 15. c4
Bb7 16. Be3 a5 17. Rg1 a4 18. Raf1 b3 19. a3 e6 20. Bf3 Nf6 21. Qf2 Nd7 22. g4
Bxb2 23. Qxb2 Qxh4 24. g5 f5 25. Qd2 e5 26. Qb2 Rbe8 27. Rg2 Re7 28. Rgg1
1/2-1/2

[Event "France - Open A"]
[Site "Chartres"]
[Date "2019.08.22"]
[Round "6.30"]
[White "Fournier, Dimitri"]
[Black "Gonzalez, Loic"]
[Result "1/2-1/2"]
[WhiteElo "2034"]
[BlackElo "1971"]
[PlyCount "62"]
[EventDate "2019.08.??"]
[EventType "swiss"]
[EventRounds "9"]
[EventCountry "FRA"]
[WhiteTeam "Club du Canal St-Martin Paris"]
[BlackTeam "AGJA-Echiquier Aquitaine"]

1. e4 e5 2. Nf3 Nc6 3. Bb5 Nge7 4. O-O g6 5. c3 Bg7 6. d4 exd4 7. cxd4 d5 8.
exd5 Nxd5 9. Re1+ Be6 10. Ne5 O-O 11. Bxc6 bxc6 12. Nc3 c5 13. Nc6 Nxc3 14.
bxc3 Qh4 15. Ba3 Rfe8 16. Bxc5 Qg5 17. Qc1 Qh4 18. Qe3 Bh6 19. Qe4 Bg5 20. Qxh4
Bxh4 21. Nxa7 Reb8 22. g3 Bf6 23. Rab1 Rxb1 24. Rxb1 Bxa2 25. Rb7 Bd8 26. f4
Bd5 27. Rb4 c6 28. Rb7 Ba5 29. c4 Bxc4 30. Nxc6 Kg7 31. Nxa5 Rxa5 1/2-1/2

[Event "France - Open A"]
[Site "Chartres"]
[Date "2019.08.22"]
[Round "6.31"]
[White "Kantzer, Romain"]
[Black "Muller, Matthieu"]
[Result "0-1"]
[WhiteElo "2034"]
[BlackElo "1953"]
[PlyCount "45"]
[EventDate "2019.08.??"]
[EventType "swiss"]
[EventRounds "9"]
[EventCountry "FRA"]
[WhiteTeam "Bischwiller"]
[BlackTeam "Mulhouse Philidor"]

1. d4 Nf6 2. Nc3 d5 3. Bf4 a6 4. e3 e6 5. Nf3 Bd6 6. Ne5 c5 7. g4 Qc7 8. Bg3
Nc6 9. Nxc6 Qxc6 10. Bd3 cxd4 11. exd4 Bxg3 12. hxg3 e5 13. g5 exd4 14. Ne2 Ne4
15. Bxe4 dxe4 16. Qxd4 O-O 17. O-O-O Bg4 18. Rd2 e3 19. Rdd1 Bxe2 20. Rxh7 Kxh7
21. Qh4+ Kg8 22. Rh1 Qxh1+ 23. Qxh1 0-1

[Event "France - Open A"]
[Site "Chartres"]
[Date "2019.08.22"]
[Round "6.32"]
[White "Dubuisson, Samuel"]
[Black "Spitz, Christophe"]
[Result "0-1"]
[WhiteElo "1996"]
[BlackElo "2147"]
[PlyCount "94"]
[EventDate "2019.08.??"]
[EventType "swiss"]
[EventRounds "9"]
[EventCountry "FRA"]
[WhiteTeam "Amicale Laique de Molinghem"]
[BlackTeam "U.S. Orléans.Echecs"]

1. d4 Nf6 2. c4 e5 3. dxe5 Ng4 4. Bf4 Nc6 5. Nf3 Bb4+ 6. Nbd2 Qe7 7. e3 Ngxe5
8. Nxe5 Nxe5 9. Be2 O-O 10. O-O Ng6 11. Bg3 Bd6 12. Bxd6 Qxd6 13. Qc2 Qe7 14.
Rfd1 d6 15. Rac1 Be6 16. Nf3 c6 17. Nd4 d5 18. c5 f5 19. Bd3 Qf6 20. f4 Ne7 21.
Re1 Bd7 22. b4 g5 23. Qf2 g4 24. g3 h5 25. b5 Kg7 26. Rb1 h4 27. bxc6 Bxc6 28.
Bb5 hxg3 29. hxg3 Rh8 30. Bxc6 bxc6 31. Rb7 Kg6 32. Qc2 Raf8 33. Re2 Rh3 34.
Rg2 Rf7 35. Rd7 Qh8 36. Kf1 Rh1+ 37. Ke2 Qh3 38. Kd3 Rc1 39. Qe2 Qh1 40. Qb2
Rb1 41. Rd6+ Rf6 42. Qc2 Qe1 43. Qe2 Qc1 44. Nc2 Qb2 45. Kd2 Qxa2 46. Qd3 Qa5+
47. Qc3 Rd1+ 0-1